Why zebras don't get ulcers / Robert M. Sapolsky. (Record no. 589)

000 -LEADER
fixed length control field 01747nam a22004577a 4500
001 - CONTROL NUMBER
control field 13517661
003 - CONTROL NUMBER IDENTIFIER
control field OSt
005 - DATE AND TIME OF LATEST TRANSACTION
control field 20210420110948.0
008 - FIXED-LENGTH DATA ELEMENTS--GENERAL INFORMATION
fixed length control field 040310s2004 nyua b 001 0 eng
010 ## - LIBRARY OF CONGRESS CONTROL NUMBER
LC control number 2004046044
020 ## - INTERNATIONAL STANDARD BOOK NUMBER
International Standard Book Number 0805073698
020 ## - INTERNATIONAL STANDARD BOOK NUMBER
International Standard Book Number 9780805073690
040 ## - CATALOGING SOURCE
Original cataloging agency eng
Transcribing agency DLC
Modifying agency eng
Language of cataloging eng
041 ## - LANGUAGE CODE
Language code of text/sound track or separate title eng
042 ## - AUTHENTICATION CODE
Authentication code pcc
050 00 - LIBRARY OF CONGRESS CALL NUMBER
Classification number QP82.2.S8
Item number S266 2004
080 ## - UNIVERSAL DECIMAL CLASSIFICATION NUMBER
Universal Decimal Classification number 15
Item number S-21
082 00 - DEWEY DECIMAL CLASSIFICATION NUMBER
Classification number 616/.001/9
Edition number 22
100 1# - MAIN ENTRY--PERSONAL NAME
Personal name Sapolsky, Robert M.
245 10 - TITLE STATEMENT
Title Why zebras don't get ulcers / Robert M. Sapolsky.
Remainder of title : The Acclaimed Guide to Stress, Stress-Related Diseases and Coping
Statement of responsibility, etc. / by: Henry Holt and Company LLC
250 ## - EDITION STATEMENT
Edition statement 3rd ed.
260 ## - PUBLICATION, DISTRIBUTION, ETC.
Place of publication, distribution, etc. New York :
Name of publisher, distributor, etc. Henry Holt and Company LLC
Date of publication, distribution, etc. c2004.
300 ## - PHYSICAL DESCRIPTION
Extent xv, 539 p. :
Other physical details ill. ;
Dimensions 23 cm.
365 ## - TRADE PRICE
Price amount 19 usd
500 ## - GENERAL NOTE
General note "An Owl Book."
500 ## - GENERAL NOTE
General note "1st Owl Books ed."--T.p. verso.
504 ## - BIBLIOGRAPHY, ETC. NOTE
Bibliography, etc. note Includes bibliographical references (p. [418]-515) and index.
650 #0 - SUBJECT ADDED ENTRY--TOPICAL TERM
Topical term or geographic name entry element Stress (Physiology)
650 #0 - SUBJECT ADDED ENTRY--TOPICAL TERM
Topical term or geographic name entry element Psychology
9 (RLIN) 134
650 #0 - SUBJECT ADDED ENTRY--TOPICAL TERM
Topical term or geographic name entry element Stress (Psychology)
650 #0 - SUBJECT ADDED ENTRY--TOPICAL TERM
Topical term or geographic name entry element Stress management.
653 ## - INDEX TERM--UNCONTROLLED
Uncontrolled term ფსიქოლოგია
653 ## - INDEX TERM--UNCONTROLLED
Uncontrolled term სტრესი
653 ## - INDEX TERM--UNCONTROLLED
Uncontrolled term სტრესის მართვა
856 42 - ELECTRONIC LOCATION AND ACCESS
Materials specified Contributor biographical information
Uniform Resource Identifier <a href="http://www.loc.gov/catdir/bios/hol055/2004046044.html">http://www.loc.gov/catdir/bios/hol055/2004046044.html</a>
856 42 - ELECTRONIC LOCATION AND ACCESS
Materials specified Publisher description
Uniform Resource Identifier <a href="http://www.loc.gov/catdir/description/hol053/2004046044.html">http://www.loc.gov/catdir/description/hol053/2004046044.html</a>
856 41 - ELECTRONIC LOCATION AND ACCESS
Materials specified Sample text
Uniform Resource Identifier <a href="http://www.loc.gov/catdir/samples/hol051/2004046044.html">http://www.loc.gov/catdir/samples/hol051/2004046044.html</a>
906 ## - LOCAL DATA ELEMENT F, LDF (RLIN)
a 7
b cbc
c orignew
d 1
e ocip
f 20
g y-gencatlg
942 ## - ADDED ENTRY ELEMENTS (KOHA)
Source of classification or shelving scheme
Koha item type Books
Edition 3
Holdings
Withdrawn status Lost status Source of classification or shelving scheme Damaged status Not for loan Permanent location Current location Date acquired Inventory number Total Checkouts Full call number Barcode Date last seen Price effective from Koha item type
          Ken Walker International University Ken Walker International University 12/14/2020 487   15 S-21 487 12/14/2020 12/14/2020 Books

Powered by Koha